[Event "Rated Blitz tournament r9AWp4qD"]
[Site "?"]
[Date "2021.06.26"]
[Round "?"]
[White "FabianoCaruana2019"]
[Black "batasjon"]
[Result "1/2-1/2"]
[WhiteElo "2227"]
[BlackElo "2412"]
[PlyCount "112"]
[EventDate "2021.??.??"]
[EventType "blitz"]

1. e4 e5 2. Nf3 d5 3. Nxe5 Bd6 4. d4 dxe4 5. Bc4 Bxe5 6. Qh5 Qe7 7. Qxe5 Qxe5
8. dxe5 Ne7 9. Nc3 O-O 10. Bg5 Ng6 11. Bb3 Nc6 12. O-O-O Bf5 13. Rhe1 h6 14.
Bd2 Bg4 15. Ne2 Ngxe5 16. h3 Bh5 17. g4 Bg6 18. Nf4 Kh7 19. Nxg6 Kxg6 20. Rxe4
Rfe8 21. Bc3 f6 22. f4 Nf3 23. Rc4 Re7 24. a4 Rd8 25. Kb1 Rxd1+ 26. Ka2 Na5 27.
Rc5 Nxb3 28. Kxb3 c6 29. f5+ Kg5 30. Rc4 Kh4 31. g5+ Kxh3 32. gxf6 gxf6 33.
Bxf6 Rf7 34. Bc3 Rxf5 35. Rb4 Rf7 36. Re4 h5 37. Re8 h4 38. Rh8 Rdd7 39. a5 Rh7
40. Rg8 Rdf7 41. Rd8 Kg2 42. Rg8+ Kf1 43. Rg4 h3 44. a6 bxa6 45. Be5 Nxe5 46.
Re4 Nf3 47. Re3 h2 48. c4 h1=Q 49. Rc3 Qh4 50. Ka3 Ke2 51. b4 Kd2 52. Rb3 Kc2
53. Re3 Nd4 54. b5 Rf3 55. Rxf3 Nxf3 56. bxa6 Qxc4 {Normal} 1/2-1/2

[Event "Rated Blitz tournament AjZTxcdZ"]
[Site "?"]
[Date "2021.06.26"]
[Round "?"]
[White "Saparmyrat"]
[Black "Secret2700"]
[Result "1/2-1/2"]
[WhiteElo "2628"]
[BlackElo "2493"]
[PlyCount "68"]
[EventDate "2021.??.??"]
[EventType "blitz"]

1. e4 e5 2. Nf3 d5 3. Nxe5 Bd6 4. d4 dxe4 5. Nc4 Nf6 6. Nc3 O-O 7. Bg5 Nc6 8.
Be2 Bf5 9. O-O Nxd4 10. Nxd6 Qxd6 11. Qd2 h6 12. Be3 Nxe2+ 13. Qxe2 Ng4 14. g3
Nxe3 15. Qxe3 Rfe8 16. Rad1 Qc6 17. Nd5 Bg6 18. c3 Kh7 19. Qf4 Rad8 20. Nxc7
Rxd1 21. Rxd1 Rc8 22. Nd5 Rd8 23. Ne3 Rxd1+ 24. Nxd1 Bh5 25. Ne3 Bf3 26. Qf5+
Kg8 27. Qd5 Qb6 28. b4 Qa6 29. Qc4 Qa3 30. Qc8+ Kh7 31. Qf5+ Kg8 32. Qc8+ Kh7
33. Qf5+ Kh8 34. Qc8+ Kh7 {Normal} 1/2-1/2

[Event "Rated Blitz game"]
[Site "?"]
[Date "2021.06.26"]
[Round "?"]
[White "ElhachaGM"]
[Black "Monkey_King"]
[Result "1-0"]
[WhiteElo "2685"]
[BlackElo "2559"]
[PlyCount "37"]
[EventDate "2021.??.??"]
[EventType "blitz"]

1. e4 e5 2. Nf3 d5 3. exd5 e4 4. Qe2 Nf6 5. Nc3 Be7 6. Nxe4 O-O 7. Nxf6+ Bxf6
8. d4 Qxd5 9. Be3 Nc6 10. c3 Re8 11. Qb5 Qe4 12. Bd3 Qg4 13. O-O Bd7 14. Qb3
Na5 15. Qc2 Bc6 16. Bxh7+ Kh8 17. Bf5 Qh5 18. Nd2 Re7 19. b4 {Normal} 1-0

[Event "Rated Blitz game"]
[Site "?"]
[Date "2021.06.26"]
[Round "?"]
[White "TheDove"]
[Black "KamranShirazi"]
[Result "0-1"]
[WhiteElo "2572"]
[BlackElo "2464"]
[PlyCount "84"]
[EventDate "2021.??.??"]
[EventType "blitz"]

1. e4 e5 2. Nf3 d5 3. exd5 e4 4. Qe2 Nf6 5. d3 Bb4+ 6. c3 O-O 7. dxe4 Bc5 8.
Bg5 c6 9. Bxf6 Qxf6 10. Qc4 Nd7 11. dxc6 bxc6 12. Be2 Rb8 13. b3 Rb6 14. O-O
Ba6 15. e5 Qg6 16. Nh4 Bxc4 17. Nxg6 Bxe2 18. Nxf8 Kxf8 19. Re1 Bg4 20. Nd2 Rb8
21. h3 Be6 22. Kf1 a5 23. f4 h5 24. Rad1 h4 25. Ne4 Be7 26. Nd6 g6 27. Re4 Nc5
28. Red4 Bd5 29. b4 Ne6 30. Rxd5 cxd5 31. Rxd5 axb4 32. cxb4 Nxf4 33. Rd4 Ne6
34. Rc4 Bg5 35. Ne4 Bf4 36. Nc5 Nxc5 37. Rxf4 Nd3 38. Rd4 Nxb4 39. a3 Nc2 40.
Rd3 Ra8 41. Rc3 Nxa3 42. Rc4 Nxc4 {Normal} 0-1

[Event "Rated Blitz game"]
[Site "?"]
[Date "2021.06.26"]
[Round "?"]
[White "TheDove"]
[Black "KamranShirazi"]
[Result "0-1"]
[WhiteElo "2575"]
[BlackElo "2460"]
[PlyCount "96"]
[EventDate "2021.??.??"]
[EventType "blitz"]

1. e4 e5 2. Nf3 d5 3. exd5 e4 4. Qe2 Nf6 5. Nc3 Be7 6. Nxe4 Nxd5 7. d4 O-O 8.
Be3 f5 9. Nc3 Rf7 10. Nxd5 Qxd5 11. Qc4 Qd6 12. Qb3 Be6 13. Bc4 Bxc4 14. Qxc4
Nc6 15. O-O-O b5 16. Qb3 Na5 17. Qd3 f4 18. Bd2 Nc4 19. Ne5 Nxe5 20. dxe5 Qxe5
21. Bc3 Qf5 22. Rhe1 Bd6 23. Re4 a6 24. Rde1 Raf8 25. f3 h6 26. b3 a5 27. Bb2
a4 28. Re8 axb3 29. Qxf5 Rxf5 30. cxb3 Rxe8 31. Rxe8+ Kf7 32. Rb8 Ke6 33. a4
bxa4 34. bxa4 Rg5 35. a5 Rxa5 36. Bxg7 Rg5 37. Bxh6 Rxg2 38. h4 Rf2 39. Kd1
Rxf3 40. Ke2 Rh3 41. Bg5 f3+ 42. Kf2 Kf5 43. Rb5+ Kg4 44. Ra5 Rh2+ 45. Kf1 Rc2
46. Ra4+ Kg3 47. Ra1 Rh2 48. Rc1 Rh1# {Normal} 0-1

[Event "Rated Blitz tournament 9UX6h6Ca"]
[Site "?"]
[Date "2021.06.26"]
[Round "?"]
[White "Velavaa"]
[Black "InvisibleKoT"]
[Result "0-1"]
[WhiteElo "2251"]
[BlackElo "2509"]
[PlyCount "140"]
[EventDate "2021.??.??"]
[EventType "blitz"]

1. e4 e5 2. Nf3 d5 3. Nxe5 Bd6 4. d4 dxe4 5. Nc4 Nf6 6. Ne3 Nc6 7. c4 Nxd4 8.
Nc3 Nc6 9. Ncd5 Nxd5 10. cxd5 Ne5 11. Bb5+ Bd7 12. Bxd7+ Qxd7 13. O-O O-O 14.
b3 f5 15. Bb2 f4 16. Nc4 Nxc4 17. bxc4 f3 18. Qd4 Qg4 19. g3 Rf6 20. Qxe4 Qxe4
21. Bxf6 gxf6 22. Rfe1 Qg4 23. Kh1 Qh3 24. Rg1 Re8 25. Raf1 Re2 26. c5 Bxg3 27.
Rxg3+ Qxg3 28. fxg3 Rxa2 29. Rxf3 Rd2 30. Rb3 Rxd5 31. Rxb7 Rxc5 32. Rxa7 Kf7
33. Kg2 Kg6 34. Kf3 Rc2 35. h3 c5 36. Ra4 Rc3+ 37. Kf2 c4 38. Ra8 Kf5 39. Rf8
Rc1 40. g4+ Ke5 41. Re8+ Kf4 42. Rf8 Rc2+ 43. Kf1 Kg5 44. Rh8 h6 45. Rg8+ Kh4
46. Rh8 Kg5 47. Rg8+ Kf4 48. Rf8 Ke5 49. Re8+ Kd6 50. Rh8 c3 51. Rxh6 Ke5 52.
Rh5+ Ke4 53. Rh8 Rh2 54. Rc8 Rxh3 55. Ke2 Rh2+ 56. Kd1 Kd4 57. Rd8+ Kc4 58.
Rc8+ Kb3 59. Rb8+ Ka2 60. Ra8+ Kb1 61. Rb8+ Rb2 62. Rc8 c2+ 63. Ke2 c1=Q+ 64.
Kf3 Qxc8 65. Kf4 Rb4+ 66. Kf3 Qxg4+ 67. Ke3 Rb3+ 68. Kd2 Qg2+ 69. Ke1 Rh3 70.
Kd1 Rh1# {Normal} 0-1

[Event "Rated Blitz game"]
[Site "?"]
[Date "2021.06.26"]
[Round "?"]
[White "petro_an"]
[Black "King_bg03"]
[Result "0-1"]
[WhiteElo "2469"]
[BlackElo "2566"]
[PlyCount "114"]
[EventDate "2021.??.??"]
[EventType "blitz"]

1. e4 e5 2. Nf3 d5 3. d3 dxe4 4. dxe4 Qxd1+ 5. Kxd1 Nc6 6. Bb5 Bd7 7. Nc3 O-O-O
8. Ke2 Nd4+ 9. Nxd4 exd4 10. Bxd7+ Rxd7 11. Nd5 f5 12. f3 c6 13. Nf4 fxe4 14.
fxe4 Nf6 15. e5 Nd5 16. Re1 Bb4 17. Rf1 Re8 18. Nd3 Ba5 19. Bf4 Bc7 20. Bg3 Ne3
21. Rf2 Ng4 22. Rf5 Ne3 23. Rh5 g6 24. Rh4 Nxg2 25. Re4 Ne3 26. c3 Nf5 27. Rf1
dxc3 28. bxc3 Red8 29. Rf3 Re7 30. Bf2 Rde8 31. Bc5 Re6 32. Bd4 b6 33. Nf4 R6e7
34. Nd3 c5 35. Bf2 Bxe5 36. Nxe5 Rxe5 37. Rxe5 Rxe5+ 38. Kd3 Kd7 39. Kc4 Kc6
40. a4 a6 41. Kd3 Rd5+ 42. Kc2 Re5 43. Kd3 b5 44. axb5+ axb5 45. h4 c4+ 46. Kc2
Re2+ 47. Kd1 Ra2 48. h5 Nd6 49. hxg6 hxg6 50. Rf6 Kd5 51. Bd4 Ne4 52. Rxg6 b4
53. Rg8 bxc3 54. Be3 Ra1+ 55. Kc2 Ra2+ 56. Kc1 Re2 57. Kb1 Kc6 {Time forfeit}
0-1

[Event "Rated Blitz game"]
[Site "?"]
[Date "2021.06.26"]
[Round "?"]
[White "movingtargent"]
[Black "fuglfonix"]
[Result "1-0"]
[WhiteElo "2401"]
[BlackElo "2392"]
[PlyCount "33"]
[EventDate "2021.??.??"]
[EventType "blitz"]

1. e4 e5 2. Nf3 d5 3. d3 dxe4 4. Nxe5 Bd6 5. Nc4 exd3 6. Bxd3 Ne7 7. O-O O-O 8.
Nc3 Ng6 9. Qh5 Qh4 10. Bxg6 Bxh2+ 11. Kh1 Qxh5 12. Bxh5 Bd6 13. Nxd6 cxd6 14.
Bf4 Nc6 15. Rad1 Bf5 16. Rxd6 Bxc2 17. Rd7 {Normal} 1-0

[Event "Rated Blitz tournament AjZTxcdZ"]
[Site "?"]
[Date "2021.06.26"]
[Round "?"]
[White "TedIanMontoyo"]
[Black "Gendut_BKD"]
[Result "1-0"]
[WhiteElo "2449"]
[BlackElo "2394"]
[PlyCount "77"]
[EventDate "2021.??.??"]
[EventType "blitz"]

1. e4 e5 2. Nf3 d5 3. d4 dxe4 4. Nxe5 Bd6 5. Nc4 Be7 6. Nc3 Nf6 7. Bg5 Bf5 8.
Ne3 Bg6 9. h4 h6 10. Bxf6 Bxf6 11. h5 Bh7 12. Ncd5 O-O 13. Nxf6+ Qxf6 14. c3
Nc6 15. Qb3 Rab8 16. Be2 Kh8 17. Qb5 a6 18. Qc5 b6 19. Qc4 Na5 20. Qxa6 Qg5 21.
g3 f5 22. Qb5 c6 23. Qe5 Rbe8 24. Qf4 Qe7 25. b4 Nb7 26. a4 Nd6 27. a5 bxa5 28.
bxa5 Ra8 29. O-O Rfc8 30. a6 c5 31. Qe5 Qd7 32. dxc5 Nf7 33. Qd4 Qc7 34. Nd5
Qxc5 35. Qxc5 Rxc5 36. c4 Ne5 37. a7 Nc6 38. Rfb1 Bg8 39. Rb7 {Normal} 1-0

[Event "Rated Blitz tournament uUyRN3TW"]
[Site "?"]
[Date "2021.06.26"]
[Round "?"]
[White "Akbar_Syam"]
[Black "Bis_Kecil_BKD"]
[Result "0-1"]
[WhiteElo "2243"]
[BlackElo "2423"]
[PlyCount "42"]
[EventDate "2021.??.??"]
[EventType "blitz"]

1. e4 e5 2. Nf3 d5 3. Nxe5 dxe4 4. d4 Nd7 5. Nxd7 Bxd7 6. Bc4 Nf6 7. O-O Bd6 8.
Nc3 h5 9. Re1 Bf5 10. Bg5 Bxh2+ 11. Kh1 Bd6 12. Nxe4 Bxe4 13. Rxe4+ Nxe4 14.
Bxd8 Nxf2+ 15. Kg1 Nxd1 16. Bg5 Nxb2 17. Bb3 b5 18. Bd5 Rb8 19. Re1+ Kf8 20.
Rb1 Na4 21. c4 Nc3 {Normal} 0-1

[Event "Rated Blitz game"]
[Site "?"]
[Date "2021.06.26"]
[Round "?"]
[White "Zanelek"]
[Black "annaly1979"]
[Result "0-1"]
[WhiteElo "2457"]
[BlackElo "2443"]
[PlyCount "140"]
[EventDate "2021.??.??"]
[EventType "blitz"]

1. e4 e5 2. Nf3 d5 3. exd5 e4 4. Ne5 Bd6 5. d4 Nf6 6. Nc3 h6 7. Be3 O-O 8. Nc4
Bf5 9. Qd2 a6 10. h3 b5 11. Nxd6 cxd6 12. Be2 Nbd7 13. a3 Rc8 14. O-O Bg6 15.
Bf4 Qb6 16. Rfd1 Rfe8 17. Qe3 Nh5 18. Bh2 Nf8 19. Rd2 Nh7 20. Bg4 Rcd8 21. Ne2
N7f6 22. Bxh5 Bxh5 23. Nf4 Bg6 24. b3 a5 25. c4 a4 26. c5 Qa5 27. b4 Qa7 28.
Nxg6 fxg6 29. Bxd6 Nxd5 30. Qg3 Kh7 31. Re1 Qf7 32. Rde2 Qf5 33. Qg4 h5 34. Qg3
g5 35. Be5 Nf6 36. Qe3 Kg6 37. Qc3 h4 38. c6 g4 39. c7 Rc8 40. Bxf6 gxf6 41.
hxg4 Qxg4 42. d5 h3 43. Qxh3 Qxh3 44. gxh3 Rxc7 45. Rxe4 Rxe4 46. Rxe4 Rc3 47.
Rd4 Kf7 48. d6 Ke8 49. d7+ Kd8 50. Kg2 Rxa3 51. Rd5 Rb3 52. Rxb5 a3 53. Ra5
Kxd7 54. Ra6 Ke7 55. f3 Kf7 56. Kg3 Kg6 57. h4 Rxb4 58. Rxa3 Rb1 59. Ra8 Rg1+
60. Kf4 Rh1 61. Kg3 Kf5 62. Ra5+ Kg6 63. Kg4 Rg1+ 64. Kh3 Rc1 65. Kg3 Rc3 66.
h5+ Kh6 67. Ra6 Kg5 68. Re6 Rc1 69. h6 Rh1 70. Kf2 Rxh6 {Time forfeit} 0-1

[Event "Rated Blitz game"]
[Site "?"]
[Date "2021.06.26"]
[Round "?"]
[White "brianthegreat"]
[Black "KamranShirazi"]
[Result "1-0"]
[WhiteElo "2593"]
[BlackElo "2479"]
[PlyCount "75"]
[EventDate "2021.??.??"]
[EventType "blitz"]

1. e4 e5 2. Nf3 d5 3. exd5 e4 4. Qe2 Nf6 5. d3 Bb4+ 6. Bd2 O-O 7. dxe4 Bc5 8.
Nc3 Re8 9. O-O-O c6 10. Bg5 Qc7 11. Bxf6 Qf4+ 12. Qd2 Qxf6 13. e5 Qg6 14. Bd3
Qxg2 15. Be4 Qxf2 16. Qxf2 Bxf2 17. d6 Nd7 18. Kb1 g6 19. Rhf1 Be3 20. h4 h6
21. Bd3 Bf4 22. Ne4 Kg7 23. Bc4 Nb6 24. Bxf7 Kxf7 25. Nd4 Rxe5 26. Rxf4+ Kg7
27. Rdf1 Bf5 28. Nxf5+ Rxf5 29. Rxf5 gxf5 30. Ng3 Nc4 31. Nxf5+ Kg6 32. Kc1 Rd8
33. Ne7+ Kh5 34. Rg1 Nxd6 35. Ng8 Ne4 36. Nf6+ Nxf6 37. b4 Ne4 38. Rg5+ {
Time forfeit} 1-0

[Event "Rated Blitz game"]
[Site "?"]
[Date "2021.06.26"]
[Round "?"]
[White "Pmrsoea"]
[Black "Fantastic_power06"]
[Result "0-1"]
[WhiteElo "2585"]
[BlackElo "2672"]
[PlyCount "26"]
[EventDate "2021.??.??"]
[EventType "blitz"]

1. e4 e5 2. Nf3 d5 3. exd5 e4 4. Qe2 Nf6 5. d3 Qxd5 6. Nc3 Bb4 7. Bd2 Bxc3 8.
Bxc3 O-O 9. Bxf6 exf3 10. Qe5 Qxe5+ 11. Bxe5 Re8 12. d4 f6 13. Bc4+ Kh8 {Normal
} 0-1

[Event "Rated Blitz game"]
[Site "?"]
[Date "2021.06.26"]
[Round "?"]
[White "Moscow_Spartak"]
[Black "KamranShirazi"]
[Result "0-1"]
[WhiteElo "2687"]
[BlackElo "2588"]
[PlyCount "56"]
[EventDate "2021.??.??"]
[EventType "blitz"]

1. e4 e5 2. Nf3 d5 3. exd5 e4 4. Qe2 Nf6 5. d3 Bb4+ 6. c3 O-O 7. dxe4 Bc5 8.
Bg5 Re8 9. Nbd2 c6 10. O-O-O cxd5 11. e5 Qc7 12. Bxf6 gxf6 13. Nb3 fxe5 14. Qb5
Nd7 15. Rxd5 Bxf2 16. Bd3 a6 17. Qb4 e4 18. Bxe4 Qf4+ 19. Nbd2 Be3 20. Kc2 Nf6
21. Rg5+ Kh8 22. Re5 Rxe5 23. Qf8+ Ng8 24. Nxe5 Be6 25. Qxa8 Bxd2 26. Bd3 Be3
27. Nf3 Bd5 28. Rf1 Qa4+ {Normal} 0-1

[Event "Rated Blitz game"]
[Site "?"]
[Date "2021.06.26"]
[Round "?"]
[White "RetiredIM"]
[Black "fuglfonix"]
[Result "1-0"]
[WhiteElo "2505"]
[BlackElo "2378"]
[PlyCount "97"]
[EventDate "2021.??.??"]
[EventType "blitz"]

1. e4 e5 2. Nf3 d5 3. Nxe5 Bd6 4. d4 dxe4 5. Nc3 Bxe5 6. dxe5 Qxd1+ 7. Kxd1 Nc6
8. Bb5 Bg4+ 9. Ke1 Nge7 10. Nxe4 O-O-O 11. Bf4 Nd4 12. Bd3 Nd5 13. Bd2 Rhe8 14.
f4 Ne6 15. Nf2 Nexf4 16. Nxg4 h5 17. Ne3 Rxe5 18. Kf2 Nxd3+ 19. cxd3 Nf4 20.
Nc4 Nxd3+ 21. Kg3 Rc5 22. Ne3 Rg5+ 23. Kf3 Ne5+ 24. Ke2 f5 25. Rhf1 Nc6 26. Bc3
Re8 27. Rf4 Rxg2+ 28. Kf3 Rxh2 29. Nxf5 g5 30. Re4 Rf8 31. Kg3 Rxf5 32. Kxh2 b6
33. Kg2 g4 34. Rf1 Rd5 35. Rf7 Rd3 36. Rh7 Rd5 37. Rf4 Ne5 38. Bxe5 Rxe5 39.
Rff7 Rc5 40. b4 Rc4 41. b5 Kb7 42. Rxh5 a6 43. bxa6+ Kxa6 44. Rhf5 c5 45. Rf4
Rc2+ 46. Rf2 Rxa2 47. Rxa2+ Kb5 48. Rb2+ Kc6 49. Rf6+ {Normal} 1-0

[Event "Rated Blitz game"]
[Site "?"]
[Date "2021.06.26"]
[Round "?"]
[White "Moscow_Spartak"]
[Black "KamranShirazi"]
[Result "0-1"]
[WhiteElo "2680"]
[BlackElo "2598"]
[PlyCount "122"]
[EventDate "2021.??.??"]
[EventType "blitz"]

1. e4 e5 2. Nf3 d5 3. exd5 e4 4. Qe2 Nf6 5. d3 Bb4+ 6. c3 O-O 7. dxe4 Bc5 8.
Bg5 c6 9. Qc2 Re8 10. Be2 Bxf2+ 11. Kxf2 Qb6+ 12. Kf1 Nxe4 13. Bh4 cxd5 14.
Nbd2 Bf5 15. Qb3 Nxd2+ 16. Nxd2 Qe3 17. Bb5 a6 18. Bf2 Bd3+ 19. Kg1 Qxd2 20.
Rd1 Qxd1+ 21. Qxd1 Bxb5 22. h4 Nd7 23. h5 h6 24. Rh3 Nf6 25. Bd4 Ne4 26. Qg4 f6
27. Qf5 Bc6 28. Rh4 Re7 29. Rg4 Kh8 30. Rg6 Rae8 31. Qf4 Kh7 32. Kh2 Bd7 33. a3
Ng5 34. Qg3 Re4 35. Be3 Rg4 36. Qf3 Nxf3+ 37. gxf3 Rxg6 38. hxg6+ Kxg6 39. Bf4
Re2+ 40. Kg3 Bc6 41. Bd6 d4 42. Bb4 dxc3 43. Bxc3 Re3 44. Bd4 Rd3 45. Kh2 Rxf3
46. Bf2 Rxf2+ 47. Kg3 Rxb2 48. Kh3 Rb3+ 49. Kh4 Rxa3 50. Kg4 Ra5 51. Kh4 Rc5
52. Kh3 Rf5 53. Kh2 Rg5 54. Kh3 h5 55. Kh2 f5 56. Kh3 f4 57. Kh4 f3 58. Kh3 f2
59. Kh2 Rg4 60. Kh3 f1=Q+ 61. Kh2 Qg2# {Normal} 0-1

[Event "Rated Blitz game"]
[Site "?"]
[Date "2021.06.26"]
[Round "?"]
[White "TrispiosReturns"]
[Black "Fantastic_power06"]
[Result "1-0"]
[WhiteElo "2598"]
[BlackElo "2659"]
[PlyCount "123"]
[EventDate "2021.??.??"]
[EventType "blitz"]

1. e4 e5 2. Nf3 d5 3. exd5 e4 4. Qe2 Nf6 5. Nc3 Be7 6. Nxe4 O-O 7. Nxf6+ Bxf6
8. d4 Re8 9. Be3 Qxd5 10. Qc4 Be6 11. Qxd5 Bxd5 12. Be2 c5 13. O-O-O cxd4 14.
Bxd4 Rxe2 15. Bxf6 Bc6 16. Rd8+ Re8 17. Rxe8+ Bxe8 18. Bc3 Nc6 19. Rd1 f6 20.
b3 Rc8 21. Kb2 Rc7 22. Ne1 Kf8 23. Nd3 Bh5 24. f3 Bf7 25. Nc5 b6 26. Na6 Rb7
27. Rd6 Nb8 28. Rd8+ Ke7 29. Rxb8 Rd7 30. Nb4 a5 31. Nd3 Kd6 32. Rxb6+ Ke7 33.
Bxa5 Bg6 34. Bb4+ Kf7 35. Rd6 Re7 36. Nf4 Bf5 37. Rd5 Rb7 38. Rxf5 g6 39. Rc5
Rxb4 40. Nd3 Rb8 41. Rc7+ Ke6 42. Rxh7 Kf5 43. a4 Ra8 44. Ka3 Rc8 45. c4 Rd8
46. Nb4 Rd1 47. Nd5 Ke5 48. Rf7 f5 49. Re7+ Kd6 50. Re2 Kc5 51. Rc2 Ra1+ 52.
Kb2 Rh1 53. b4+ Kc6 54. h3 Re1 55. Kc3 Ra1 56. b5+ Kc5 57. Kb3 Rb1+ 58. Rb2 Re1
59. Nc3 Re3 60. a5 Kd4 61. Rd2+ Kc5 62. Rd5# {Normal} 1-0

[Event "Rated Blitz game"]
[Site "?"]
[Date "2021.06.26"]
[Round "?"]
[White "ocmoen"]
[Black "gmchallengebrazil"]
[Result "0-1"]
[WhiteElo "2341"]
[BlackElo "2408"]
[PlyCount "104"]
[EventDate "2021.??.??"]
[EventType "blitz"]

1. e4 e5 2. Nf3 d5 3. Nxe5 dxe4 4. d4 exd3 5. Bxd3 Bb4+ 6. Nc3 Bxc3+ 7. bxc3
Qd6 8. O-O Qxe5 9. Re1 Qxe1+ 10. Qxe1+ Be6 11. Bc4 Nc6 12. Bxe6 fxe6 13. Qxe6+
Nge7 14. Ba3 Rd8 15. Re1 Rd7 16. h4 Rf8 17. Qe4 g6 18. h5 Kd8 19. hxg6 hxg6 20.
Qh4 Kc8 21. Bxe7 Re8 22. c4 Rexe7 23. Rxe7 Nxe7 24. Qh8+ Rd8 25. Qf6 Rd1+ 26.
Kh2 Kd7 27. g4 Rd6 28. Qg5 b6 29. Kg3 Rc6 30. Qd2+ Ke8 31. Qd4 Rc5 32. Qe4 Rc6
33. f4 Kd7 34. f5 gxf5 35. gxf5 Ke8 36. Kg4 Rf6 37. Qa8+ Kd7 38. Qxa7 Rxf5 39.
Qa4+ Kd8 40. Qa3 Rc5 41. Qd3+ Kc8 42. Qe4 Nc6 43. Kf4 Kb7 44. Qf3 Rxc4+ 45. Kf5
Rxc2 46. a3 Rc4 47. Ke6 b5 48. Kd7 Kb6 49. Qe3+ Rd4+ 50. Kc8 Na7+ 51. Kb8 c5
52. Qe6+ Nc6+ {Normal} 0-1

[Event "Rated Blitz game"]
[Site "?"]
[Date "2021.06.26"]
[Round "?"]
[White "TosicSrecko"]
[Black "Racheengel"]
[Result "1-0"]
[WhiteElo "2466"]
[BlackElo "2453"]
[PlyCount "87"]
[EventDate "2021.??.??"]
[EventType "blitz"]

1. e4 e5 2. Nf3 d5 3. Nxe5 Bd6 4. d4 dxe4 5. Bc4 Bxe5 6. Qh5 Qe7 7. Qxe5 Nc6 8.
Qxg7 Qf6 9. Qxf6 Nxf6 10. Be3 Bf5 11. Nc3 Rg8 12. Rg1 Rd8 13. O-O-O Ke7 14. h3
h5 15. Nb5 a6 16. Nc3 h4 17. Ne2 Na5 18. Bb3 Nxb3+ 19. axb3 Nd5 20. Nf4 Nxf4
21. Bxf4 c6 22. c3 Ke6 23. Rde1 Kd5 24. Be3 b5 25. Kd2 Rd6 26. Rc1 Rdg6 27. c4+
Kd6 28. Ra1 bxc4 29. bxc4 Rxg2 30. Rh1 R8g3 31. Rxa6 Rxh3 32. Rxh3 Bxh3 33. d5
Bd7 34. dxc6 Bxc6 35. b4 h3 36. b5 Ke5 37. Rxc6 f6 38. Rc8 h2 39. Rh8 f5 40.
Rh4 Kf6 41. Kc3 Ke7 42. Kd4 f4 43. Bxf4 Rxf2 44. Bxh2 {Normal} 1-0

[Event "Rated Blitz tournament WtjRHdyK"]
[Site "?"]
[Date "2021.06.26"]
[Round "?"]
[White "Killerkaz"]
[Black "Artem_0degov"]
[Result "0-1"]
[WhiteElo "2457"]
[BlackElo "2604"]
[PlyCount "54"]
[EventDate "2021.??.??"]
[EventType "blitz"]

1. e4 e5 2. Nf3 d5 3. exd5 e4 4. Qe2 Nf6 5. Nc3 Be7 6. Nxe4 O-O 7. Nc3 Re8 8.
d3 Bb4 9. Be3 Nxd5 10. Qd2 Nc6 11. Be2 Qf6 12. d4 Nxe3 13. fxe3 Qh6 14. Kf2 Bf5
15. a3 Ba5 16. Rae1 Rad8 17. Bd3 Bg4 18. Be2 Bxf3 19. Bxf3 Nxd4 20. Qc1 Nxf3
21. gxf3 Qh4+ 22. Kg2 Re6 23. Ne4 Rxe4 24. fxe4 Qxe4+ 25. Kf2 Qf5+ 26. Kg2 Qg4+
27. Kf2 Rd6 {Normal} 0-1

[Event "Rated Blitz game"]
[Site "?"]
[Date "2021.06.26"]
[Round "?"]
[White "jackspades"]
[Black "Dzon_Vejn"]
[Result "1-0"]
[WhiteElo "2459"]
[BlackElo "2495"]
[PlyCount "55"]
[EventDate "2021.??.??"]
[EventType "blitz"]

1. e4 e5 2. Nf3 d5 3. d4 dxe4 4. Nxe5 Nd7 5. Nxd7 Bxd7 6. Nc3 Nf6 7. Bg5 Bb4 8.
Bc4 O-O 9. O-O Bxc3 10. bxc3 h6 11. Bh4 Bc6 12. Re1 Re8 13. d5 Bxd5 14. Bxf6
gxf6 15. Bxd5 f5 16. Bb3 Qg5 17. Qd5 Re7 18. Rad1 Rae8 19. Qxb7 f4 20. Qd5 Qg6
21. Rd4 f3 22. g3 e3 23. fxe3 Rxe3 24. Rxe3 Rxe3 25. Kf2 Re2+ 26. Kxf3 Rxh2 27.
Rf4 Rf2+ 28. Kxf2 {Normal} 1-0

[Event "Rated Blitz tournament r9AWp4qD"]
[Site "?"]
[Date "2021.06.26"]
[Round "?"]
[White "jasonbourne2022"]
[Black "batasjon"]
[Result "1-0"]
[WhiteElo "2288"]
[BlackElo "2405"]
[PlyCount "33"]
[EventDate "2021.??.??"]
[EventType "blitz"]

1. e4 e5 2. Nf3 d5 3. exd5 e4 4. Qe2 Nf6 5. Nc3 Be7 6. Nxe4 O-O 7. d4 Nxd5 8.
c3 Re8 9. Qc2 f5 10. Ng3 Bg5+ 11. Kd1 f4 12. Ne4 Nc6 13. Nexg5 Bg4 14. Qxh7+
Kf8 15. Qh8+ Ke7 16. Qxg7+ Kd6 17. Nf7+ {Normal} 1-0

[Event "Rated Blitz game"]
[Site "?"]
[Date "2021.06.26"]
[Round "?"]
[White "MisterMarple1963"]
[Black "fuglfonix"]
[Result "0-1"]
[WhiteElo "2497"]
[BlackElo "2379"]
[PlyCount "86"]
[EventDate "2021.??.??"]
[EventType "blitz"]

1. e4 e5 2. Nf3 d5 3. Nxe5 Bd6 4. d4 dxe4 5. Nc4 Ne7 6. Nxd6+ cxd6 7. Be2 O-O
8. O-O f5 9. c4 Nbc6 10. Nc3 Ng6 11. a3 Qh4 12. g3 Qh3 13. f4 exf3 14. Bxf3 f4
15. Bg2 Qd7 16. gxf4 Qe7 17. d5 Na5 18. Qd3 Bf5 19. Qe2 Qf6 20. Be3 Rae8 21.
Rae1 Nh4 22. b4 Nxg2 23. Kxg2 Qg6+ 24. Kh1 Be4+ 25. Nxe4 Qxe4+ 26. Qg2 Nxc4 27.
Qxe4 Rxe4 28. Bxa7 Rexf4 29. Rxf4 Rxf4 30. Re7 Rf7 31. Rxf7 Kxf7 32. a4 Kf6 33.
Bd4+ Kf5 34. Bxg7 Ke4 35. Kg2 Ne3+ 36. Kg3 Nxd5 37. b5 Ne3 38. Kh4 Nf5+ 39. Kg5
Nxg7 40. Kh6 Ne6 41. a5 d5 42. a6 bxa6 43. bxa6 d4 {Normal} 0-1

[Event "Rated Blitz tournament WtjRHdyK"]
[Site "?"]
[Date "2021.06.26"]
[Round "?"]
[White "Killerkaz"]
[Black "Artem_0degov"]
[Result "1-0"]
[WhiteElo "2468"]
[BlackElo "2599"]
[PlyCount "91"]
[EventDate "2021.??.??"]
[EventType "blitz"]

1. e4 e5 2. Nf3 d5 3. exd5 e4 4. Qe2 Nf6 5. Nc3 Be7 6. Nxe4 O-O 7. Nxf6+ Bxf6
8. d4 Re8 9. Be3 Qxd5 10. Qd2 Nc6 11. Be2 Bf5 12. c4 Qe4 13. O-O Rad8 14. d5
Ne5 15. Nxe5 Bxe5 16. Rac1 Rd6 17. Bf3 Qh4 18. g3 Qh3 19. Rfe1 Rdd8 20. Bd4 Bd6
21. c5 Bf8 22. b4 Bg4 23. Bg2 Qh5 24. Qf4 Bc8 25. Qxc7 Bh3 26. Rxe8 Rxe8 27.
Qxb7 Bxg2 28. Kxg2 Re4 29. Be3 Rxe3 30. d6 Rd3 31. Re1 Qf5 32. Re8 g5 33. Qe7
Qf3+ 34. Kf1 Rd1+ 35. Qe1 Qh1+ 36. Ke2 Rxe1+ 37. Kd2 Rxe8 38. d7 Rd8 39. Kc3
Qd5 40. c6 Qxd7 41. cxd7 Rxd7 42. Kb3 Rc7 43. a3 Rb7 44. b5 Rb6 45. a4 Rb7 46.
a5 {Time forfeit} 1-0

[Event "Rated Blitz tournament AjZTxcdZ"]
[Site "?"]
[Date "2021.06.26"]
[Round "?"]
[White "gsvc"]
[Black "Secret2700"]
[Result "1-0"]
[WhiteElo "2814"]
[BlackElo "2505"]
[PlyCount "43"]
[EventDate "2021.??.??"]
[EventType "blitz"]

1. e4 e5 2. Nf3 d5 3. Nxe5 Bd6 4. d4 dxe4 5. Bc4 Bxe5 6. Qh5 Qe7 7. Qxe5 Qxe5
8. dxe5 Nc6 9. Bf4 Nge7 10. Bg3 Ng6 11. Bd5 Ncxe5 12. Bxe4 O-O 13. Nc3 f5 14.
Bd5+ Kh8 15. f3 c6 16. Bb3 f4 17. Bf2 Bf5 18. O-O-O b6 19. h4 Rad8 20. h5 Ne7
21. Rxd8 Rxd8 22. Re1 {Normal} 1-0

[Event "Rated Blitz game"]
[Site "?"]
[Date "2021.06.26"]
[Round "?"]
[White "axper89"]
[Black "King_bg03"]
[Result "0-1"]
[WhiteElo "2457"]
[BlackElo "2608"]
[PlyCount "104"]
[EventDate "2021.??.??"]
[EventType "blitz"]

1. e4 e5 2. Nf3 d5 3. d4 exd4 4. e5 c5 5. c3 Nc6 6. Bb5 Qb6 7. Bxc6+ bxc6 8.
cxd4 Ba6 9. Nc3 cxd4 10. Nxd4 Bc5 11. Nce2 Bxe2 12. Nxe2 Bxf2+ 13. Kf1 Ne7 14.
g3 O-O 15. Kg2 Ng6 16. Rf1 Be3 17. Bxe3 Qxe3 18. Nd4 Qe4+ 19. Kg1 Nxe5 20. Nf5
Nc4 21. Qd4 Qxd4+ 22. Nxd4 c5 23. Nf5 d4 24. Rac1 Nxb2 25. Rxc5 Rfd8 26. Rb1
Na4 27. Rc4 Nb6 28. Rxd4 Rxd4 29. Nxd4 g6 30. Nc6 Kg7 31. Kg2 Nd5 32. Rb7 Rc8
33. Nxa7 Rc2+ 34. Kh3 Rxa2 35. Nc6 Ne3 36. Ne5 Rf2 37. Nd3 Rf5 38. Nf4 Nd5 39.
Nxd5 Rxd5 40. Re7 Rf5 41. Ra7 h5 42. Rb7 g5 43. Kg2 g4 44. Rb6 f6 45. Rc6 Kg6
46. Ra6 Re5 47. Rb6 Kg5 48. Ra6 Re2+ 49. Kg1 h4 50. Ra5+ f5 51. gxh4+ Kf4 52.
Rxf5+ Kxf5 {Time forfeit} 0-1